00936nam a2200217 a 4500001001000000005001700010008004100027020001500068040001800083050002300101100001900124245013700143260006100280300004200341500002300383504003200406650004200438650008800480650008300568650006700651BRCA_102520190320203240.0900301s1990 nyua---##b---#000-0#eng-# a0876637764 aDLCcDLCdDLC 4aF129.B7b.S77 19901 aStayton, Kevin10aDutch by DesignbTradition and Change in Two Historic Brooklyn Houses : The Schenck Houses at The Brooklyn MuseumcKevin L. Stayton. aNueva YorkbThe Brooklyn Museum : Phaidon Universec1990 a128 p.bil. (algunas a color)c28 cm. aIncluye apéndice aBibliografía : p. 121-12714aPeriodo colonialxHistoriay1600-177514aHolandeses américanosxHistoriaySiglos XVII y XVIIIzNueva York (Estados Unidos)14aHolandeses américanosxVida social y costumbreszNueva York (Estados Unidos)14aHolandeses américanosxDiseñozNueva York (Estados Unidos)